000 00559nam a2200181Ia 4500
005 20250326141939.0
008 250326s9999 xx 000 0 und d
037 _aTextbook
040 _aFMSL
_beng
_cFMSL
041 _aeng
_2eng
084 _aY:1.441 M7
_qFMSL
100 _aMahadevan K
245 0 _aSocial development cultural change and fertility: study of fertility change in Kerala
_cMahadevan K; Sumangala M
260 _aNew Delhi
_bNew Delhi, Sage
_c1987
300 _a190p
942 _cTB
_hY:1.441 M7
999 _c1292731
_d1292731